MARC details
| 000 -CABECERA |
| campo de control de longitud fija |
00818nam a2200253 a 4500 |
| 005 - FECHA Y HORA DE LA ÚLTIMA TRANSACCIÓN |
| campo de control |
20240831063751.0 |
| 008 - ELEMENTOS DE LONGITUD FIJA--INFORMACIÓN GENERAL |
| campo de control de longitud fija |
121022s2005 es r 000 0 spa d |
| 020 ## - NÚMERO INTERNACIONAL NORMALIZADO PARA LIBROS |
| Número Internacional Estándar del Libro |
8426359361 |
| 035 ## - NÚMERO DE CONTROL DEL SISTEMA |
| Número de control de sistema |
UPN01000187839 |
| 049 ## - COLECCIÓN |
| Colección |
I |
| 050 #4 - SIGNATURA TOPOGRÁFICA DE LA BIBLIOTECA DEL CONGRESO |
| Número de clasificación |
PZ74 |
| Número de documento/Ítem |
A5.7 |
| 100 1# - ASIENTO PRINCIPAL--NOMBRE PERSONAL |
| Nombre de persona |
Antón, Rocío, |
| Fechas asociadas al nombre |
1964- |
| 9 (RLIN) |
32773 |
| 245 10 - MENCIÓN DE TÍTULO |
| Título |
Rita, el hada desordenada / |
| Mención de responsabilidad, etc. |
Rocío Antón, Lola Núñez ; il. Claudia Ranucci. |
| 260 ## - PUBLICACIÓN, DISTRIBUCIÓN, ETC. |
| Lugar de publicación, distribución, etc. |
Zaragoza, Esp. : |
| Nombre del editor, distribuidor, etc. |
Edelvives, |
| Fecha de publicación, distribución, etc. |
c2005. |
| 300 ## - DESCRIPCIÓN FÍSICA |
| Extensión |
29 p. : |
| Otras características físicas |
principalmente il. col. + |
| Material acompañante/anejo |
6 tarjetas en una hoja plegada |
| 440 #0 - MENCIÓN DE SERIE/ASIENTO SECUNDARIO--TÍTULO |
| Título |
Buenos de cuento ; |
| Designación de volumen o secuencia |
3 |
| 650 #0 - ASIENTO SECUNDARIO DE MATERIA - TERMINO TEMATICO |
| Término de materia o nombre geográfico como elemento de entrada |
Cuentos de hadas |
| 9 (RLIN) |
5259 |
| 650 #4 - ASIENTO SECUNDARIO DE MATERIA - TERMINO TEMATICO |
| Término de materia o nombre geográfico como elemento de entrada |
Cuentos infantiles españoles |
| 9 (RLIN) |
7725 |
| 700 1# - ASIENTO SECUNDARIO--NOMBRE DE PERSONAL |
| Nombre de persona |
Núñez, Lola, |
| Fechas asociadas al nombre |
1961- |
| Término indicativo de función/relación |
coaut. |
| 9 (RLIN) |
32774 |
| 700 1# - ASIENTO SECUNDARIO--NOMBRE DE PERSONAL |
| Nombre de persona |
Ranucci, Claudia, |
| Término indicativo de función/relación |
il. |
| 905 ## - TIPO DE MATERIAL |
| Tipo de material |
Infantil |